| 000 | 00615nam a2200205 a 4500 | ||
|---|---|---|---|
| 005 | 20210219153058.0 | ||
| 008 | 991125n 000 0 spa u | ||
| 035 | _aUPN01000076656 | ||
| 100 | 1 | _aRojero, Fernando F. | |
| 222 |
_aALAMBIQUE : _bDIDACTICA DE LAS CIENCIAS EXPERIMENTALES |
||
| 245 | _aEntender la organización : aspectos didácticos del estudio de los ecosistemas | ||
| 260 | _aEspaña | ||
| 300 | _a55-64 | ||
| 362 | 0 | _a1999 Año 6, no. 20, abr.-jun. | |
| 653 | 0 | _aECOSISTEMA | |
| 653 | 0 | _aEDUCACION AMBIENTAL | |
| 653 | 0 | _aEDUCACION SECUNDARIA | |
| 904 |
_aAC _b014467 |
||
| 905 | _aArticulo | ||
| 999 |
_c67926 _d67926 |
||